000
00306nam a2200121Ia 4500
008
190216s9999||||xx |||||||||||||| ||und||
100
_a
Thomas Hardy
245
4
_a
The Mayor Of Casterbridge
260
_b
Delhi Law Publishers
_c
1978
300
_a
320p
650
_a
English Novel-English Novel
942
_c
BK
999
_c
12332
_d
12332